The Japanese economy in international perspective
Kaydedildi:
| Yazar: | |
|---|---|
| Materyal Türü: | Kitap |
| Dil: | Undetermined |
| Baskı/Yayın Bilgisi: |
London
The Johns Hopkins University Press
1975
|
| Konular: | |
| Etiketler: |
Etiketle
Etiket eklenmemiş, İlk siz ekleyin!
|
| Thư viện lưu trữ: | Trung tâm Học liệu Trường Đại học Cần Thơ |
|---|
| LEADER | 00520nam a2200181Ia 4500 | ||
|---|---|---|---|
| 001 | CTU_84961 | ||
| 008 | 210402s9999 xx 000 0 und d | ||
| 082 | |a 330.9 | ||
| 082 | |b F828 | ||
| 100 | |a Isaiah Frank | ||
| 245 | 4 | |a The Japanese economy in international perspective | |
| 245 | 0 | |c Isaiah Frank | |
| 260 | |a London | ||
| 260 | |b The Johns Hopkins University Press | ||
| 260 | |c 1975 | ||
| 650 | |a japan | ||
| 650 | |x economic conditions,economic policy | ||
| 980 | |a Trung tâm Học liệu Trường Đại học Cần Thơ | ||